000 00639nam a2200229Ia 4500
003 OSt
005 20220926015259.0
006 a|||||r|||| 00| 0
007 ta
008 220923b |||||||| |||| 00| 0 eng d
037 _cGeneral Book
040 _aRTL
_cRTL
_beng
041 _2eng
_aeng
082 _aB, N0
100 _aHuntey I D
_9321840
245 0 _aMathemtical Modelling
_b A Source Book Of Case Study
260 _aNew York
_bOxford University Press
_c1990
300 _a462p
_ccm.
700 _a James D J G
_9321841
942 _hB, N0
_cGB
_2CC
999 _c630961
_d630961